02053nam a22002417a 4500003000900000008004100009040007100050082002400121110005500145245006800200260003200268300002900300440006800329505119500397650002401592650002501616650002201641650000901663650002301672700002901695700003201724710005501756AR-CdUCM190425b ||||| |||| 00| 0 spa d aMUNICIPALIDAD PROVINCIAL DEL CUSCOcBIBLIOTECA MUNICIPAL DEL CUSCO aRev.Univ/N°98/1950 aUniversidad Nacional de San Antonio Abad del Cusco aRevista Universitaria :bÓrgano de la Universidad del Cuzco / aCusco :bH.G. Rozas,c1950. a444 páginas. :c20 cm. aRevista UniversitarianAño XXXVIII, 1° semestre 1950, N°98. aContenido: El terremoto del Cuzco la visita del presidente de la República General Odría y sus ministros. -- Fundación de extensión social que compete a la Universidad en aplicaciones de la psicotecnia. Rafael Calderón Peñaylillo. -- La arquitectura peruana. Charles Wiener. -- El ejercicio de la Medicina durante los siglos XVI, XVII y XVIII. Juan B, Lastres. -- La estadística en el imperio de los incas. Jorge Guillermo Llosa. -- Lecciones de Quechua Qheswa. Andrés Alencastre G. -- Cultivo cosecha y beneficio de la caña. Alfredo Bustamante Chávez. -- El mineral de Hualgayoc a fines del siglo XVIII. Horacio Villanueva Urteaga. -- El terremoto del Cuzco. Horacio Villanueva Urteaga. -- El problema del cocaismo y la escuela rural. Benjamín Rojas Díaz. -- Elogio de San Martín. José Gabriel Cosio. -- Humanismo, Ciencia y conocimiento. Raúl Vallejos. -- Hay dos poema. Gabriela Mistral. -- Los fundamentos del profetismo histórico de Spengler. M. Astete Abril. -- El Perú de los Incas el Tahuantinsuyo. Luis Eduardo Enríquez. -- Homenaje al prócer Tupac Amaru discurso. José Gabriel Cosio. -- Las Universidades del Cusco y México fraternizan. aTerremoto del Cusco aArquitectura peruana aHistoria Medicina aCoca aEstadística Inka aCornejo Bouroncle, Jorge aVillanueva Urteaga, Horacio aUniversidad Nacional de San Antonio Abad del Cusco